| 000 | 00464pam a2200181 a 4500 | ||
|---|---|---|---|
| 020 | _a0060445599 | ||
| 040 | _cDLC | ||
| 082 | _a526 HAR 1982 A030 Or. | ||
| 100 | 1 | _aMoffitt, Francis H. | |
| 245 | 1 | 0 | _aSurveying / |
| 250 | _a7th ed. | ||
| 260 |
_aNew York : _bHarper & Row, _cc1982. |
||
| 300 |
_axii, 834 p. : _bill. ; _c24 cm. |
||
| 490 | 1 | _aThe Harper & Row series in civil engineering | |
| 650 | 0 | _aSurveying. | |
| 700 | 1 | _aBouchard, Harry, | |
| 942 | _cEK | ||
| 999 |
_c11857 _d11857 |
||